[Event "Iranian Men Championship Final 1399"]
[Site "Tehran"]
[Date "2021.04.09"]
[Round "8"]
[Board "4"]
[White "Atakhan, Abtin"]
[Black "Jahedi, Mani"]
[Result "1-0"]
[WhiteElo "2294"]
[BlackElo "2201"]
[PlyCount "0"]
[EventDate "2021.04.05"]
[EventRounds "15"]
[EventCountry "IRI"]

1. e4 {[%clk 1:30:34]} c6 {[%clk 1:26:27]} 2. d4 {[%clk 1:30:33]} d5
{[%clk 1:26:48]} 3. e5 {[%clk 1:30:43]} g6 {[%clk 1:24:21]} 4. f4
{[%clk 1:29:49]} Bg7 {[%clk 1:24:10]} 5. Nf3 {[%clk 1:29:39]} Bg4
{[%clk 1:24:14]} 6. Be3 {[%clk 1:28:44]} e6 {[%clk 1:22:22]} 7. Nbd2
{[%clk 1:26:37]} Ne7 {[%clk 1:21:06]} 8. h3 {[%clk 1:26:21]} Bxf3
{[%clk 1:21:07]} 9. Nxf3 {[%clk 1:26:33]} Qb6 {[%clk 1:18:13]} 10. Bd3
{[%clk 1:17:47]} Nd7 {[%clk 1:17:22]} 11. O-O {[%clk 1:17:13]} Qc7
{[%clk 0:54:43]} 12. a4 {[%clk 1:16:33]} O-O {[%clk 0:52:07]} 13. Ra3
{[%clk 1:14:02]} b6 {[%clk 0:48:19]} 14. g4 {[%clk 1:13:42]} f6 {[%clk 0:41:33]}
15. Qe1 {[%clk 1:10:50]} Rfe8 {[%clk 0:35:58]} 16. Ra1 {[%clk 1:07:15]} f5
{[%clk 0:34:17]} 17. Ng5 {[%clk 1:06:53]} Nf8 {[%clk 0:34:39]} 18. Qg3
{[%clk 1:07:02]} c5 {[%clk 0:31:51]} 19. c3 {[%clk 1:07:24]} a6 {[%clk 0:29:55]}
20. Kh1 {[%clk 1:06:46]} c4 {[%clk 0:29:12]} 21. Bc2 {[%clk 1:06:35]} b5
{[%clk 0:29:11]} 22. Rg1 {[%clk 1:02:04]} Reb8 {[%clk 0:26:59]} 23. Rg2
{[%clk 1:00:32]} b4 {[%clk 0:25:43]} 24. Bd2 {[%clk 0:56:51]} b3 {[%clk 0:24:45]}
25. Bd1 {[%clk 0:56:22]} Qc6 {[%clk 0:24:28]} 26. Be2 {[%clk 0:55:45]} Ra7
{[%clk 0:24:54]} 27. h4 {[%clk 0:52:57]} fxg4 {[%clk 0:24:18]} 28. Bxg4
{[%clk 0:53:19]} h5 {[%clk 0:24:28]} 29. f5 {[%clk 0:46:54]} exf5
{[%clk 0:14:26]} 30. Bf3 {[%clk 0:45:50]} Re8 {[%clk 0:11:40]} 31. Nh3
{[%clk 0:44:51]} Ne6 {[%clk 0:04:30]} 32. Nf4 {[%clk 0:44:47]} Nxf4
{[%clk 0:03:20]} 33. Bxf4 {[%clk 0:45:15]} Kf7 {[%clk 0:02:34]} 34. Bxh5
{[%clk 0:45:34]} Rh8 {[%clk 0:01:57]} 35. Bf3 {[%clk 0:45:58]} Bh6
{[%clk 0:01:13]} 36. Bxh6 {[%clk 0:46:05]} Rxh6 {[%clk 0:01:42]} 37. Qg5
{[%clk 0:46:08]} Rh7 {[%clk 0:01:28]} 38. Rh2 {[%clk 0:45:44]} Ke6
{[%clk 0:00:33]} 39. h5 {[%clk 0:46:13]} Kd7 {[%clk 0:00:36]} 40. Rg1
{[%clk 0:44:05]} Ra8 {[%clk 0:00:38]} 41. hxg6 {[%clk 0:40:36]} Rxh2+
{[%clk 0:00:56]} 42. Kxh2 {[%clk 0:41:05]} Rh8+ {[%clk 0:00:59]} 43. Bh5
{[%clk 0:40:40]} Qxg6 {[%clk 0:01:22]} 44. Qxg6 {[%clk 0:40:42]} Nxg6
{[%clk 0:01:51]} 45. Rxg6 {[%clk 0:41:05]} Rxh5+ {[%clk 0:02:18]} 46. Kg2
{[%clk 0:41:29]} Rh4 {[%clk 0:00:33]} 47. Rd6+ {[%clk 0:41:41]} Ke7
{[%clk 0:01:02]} 48. Rxd5 {[%clk 0:41:55]} Re4 {[%clk 0:00:36]} 49. Kf3
{[%clk 0:36:36]} Re1 {[%clk 0:01:02]} 50. Rc5 {[%clk 0:36:29]} Rb1
{[%clk 0:01:04]} 51. Kf4 {[%clk 0:31:00]} Rf1+ {[%clk 0:00:39]} 52. Kg5
{[%clk 0:29:36]} f4 {[%clk 0:00:44]} 53. Rxc4 {[%clk 0:18:17]} f3
{[%clk 0:00:45]} 54. Kf4 {[%clk 0:17:40]} f2 {[%clk 0:00:33]} 55. Kf3
{[%clk 0:17:55]} Ke6 {[%clk 0:00:32]} 56. Rb4 {[%clk 0:17:28]} Rb1
{[%clk 0:00:33]} 57. Kxf2 {[%clk 0:17:52]} Rxb2+ {[%clk 0:00:44]} 58. Ke3
{[%clk 0:18:17]} Kd5 {[%clk 0:00:33]} 59. Kd3 {[%clk 0:18:00]}  1-0

[Event "Iranian Men Championship Final 1399"]
[Site "Tehran"]
[Date "2021.04.09"]
[Round "8"]
[Board "5"]
[White "Tabatabaei, M.Amin"]
[Black "Gholami Orimi, Mahdi"]
[Result "1-0"]
[WhiteElo "2629"]
[BlackElo "2428"]
[PlyCount "0"]
[EventDate "2021.04.05"]
[EventRounds "15"]
[EventCountry "IRI"]

1. e4 {[%clk 1:30:55]} e5 {[%clk 1:30:51]} 2. Nf3 {[%clk 1:31:12]} Nc6
{[%clk 1:31:16]} 3. Bb5 {[%clk 1:31:32]} Nf6 {[%clk 1:31:39]} 4. d3
{[%clk 1:31:44]} Bd6 {[%clk 1:31:01]} 5. O-O a6 {[%clk 1:30:37]} 6. Bxc6
{[%clk 1:30:46]} dxc6 {[%clk 1:30:55]} 7. Nbd2 {[%clk 1:31:09]} O-O
{[%clk 1:30:40]} 8. Nc4 {[%clk 1:31:33]} Nd7 {[%clk 1:30:45]} 9. a4
{[%clk 1:31:53]} Qe7 {[%clk 1:29:11]} 10. a5 {[%clk 1:27:38]} Re8
{[%clk 1:24:59]} 11. Kh1 {[%clk 1:12:01]} Nf8 {[%clk 1:23:58]} 12. b3
{[%clk 1:10:33]} Ng6 {[%clk 1:18:55]} 13. h3 {[%clk 1:10:14]} f6 {[%clk 1:14:44]}
14. Ne3 {[%clk 1:09:30]} Qf7 15. Ng1 Be6 {[%clk 1:06:35]} 16. Ne2
{[%clk 0:51:09]} Qd7 {[%clk 1:04:53]} 17. g4 {[%clk 0:49:52]} Nf4
{[%clk 0:56:40]} 18. Nxf4 exf4 {[%clk 0:56:55]} 19. Nc4 {[%clk 0:50:22]} g5
{[%clk 0:42:59]} 20. f3 h5 {[%clk 0:40:51]} 21. Kg2 {[%clk 0:49:17]} hxg4
{[%clk 0:39:41]} 22. hxg4 {[%clk 0:49:45]} Kg7 23. Bb2 {[%clk 0:39:20]} Rh8
{[%clk 0:24:58]} 24. Rh1 {[%clk 0:39:29]} Kg6 {[%clk 0:22:55]} 25. Qe2
{[%clk 0:36:55]} c5 {[%clk 0:14:03]} 26. Bxf6 {[%clk 0:27:07]} Rxh1 27. Rxh1
{[%clk 0:27:45]} Bxc4 {[%clk 0:14:17]} 28. e5 Bd5 {[%clk 0:09:28]} 29. Kf1
{[%clk 0:28:00]} Re8 {[%clk 0:06:46]} 30. Rh6+ {[%clk 0:27:53]} Kf7
{[%clk 0:07:14]} 31. Rh7+ {[%clk 0:28:12]} Ke6 {[%clk 0:07:42]} 32. exd6+
{[%clk 0:28:15]} Kxd6 33. Be5+ {[%clk 0:26:52]} Kc6 {[%clk 0:08:14]} 34. Rxd7
{[%clk 0:27:16]} Kxd7 {[%clk 0:08:42]} 35. c4 {[%clk 0:27:31]} Bc6
{[%clk 0:08:58]} 36. b4  1-0

[Event "Iranian Men Championship Final 1399"]
[Site "Tehran"]
[Date "2021.04.09"]
[Round "8"]
[Board "6"]
[White "Daghli, Arash"]
[Black "Mousavi, Seyed Khalil"]
[Result "1/2-1/2"]
[WhiteElo "2431"]
[BlackElo "2522"]
[PlyCount "0"]
[EventDate "2021.04.05"]
[EventRounds "15"]
[EventCountry "IRI"]

1. d4 {[%clk 1:30:53]} Nf6 {[%clk 1:29:27]} 2. c4 {[%clk 1:31:14]} e6
{[%clk 1:29:43]} 3. Nc3 {[%clk 1:31:36]} Bb4 {[%clk 1:29:59]} 4. e3
{[%clk 1:31:54]} O-O {[%clk 1:27:47]} 5. Nge2 {[%clk 1:32:16]} d5
{[%clk 1:20:12]} 6. a3 {[%clk 1:32:27]} Be7 {[%clk 1:18:18]} 7. cxd5
{[%clk 1:32:12]} exd5 {[%clk 1:16:37]} 8. Nf4 {[%clk 1:32:08]} b6
{[%clk 1:16:14]} 9. Be2 {[%clk 1:30:35]} Bb7 {[%clk 1:15:30]} 10. O-O
{[%clk 1:30:46]} Ne4 {[%clk 1:09:36]} 11. Bf3 {[%clk 1:24:40]} Nxc3
{[%clk 1:08:45]} 12. bxc3 {[%clk 1:24:57]} c6 {[%clk 1:08:45]} 13. a4
{[%clk 1:17:22]} Nd7 {[%clk 1:07:14]} 14. a5 {[%clk 1:17:20]} bxa5
{[%clk 1:03:54]} 15. Ba3 {[%clk 1:16:34]} Ba6 {[%clk 0:53:02]} 16. Bxe7
{[%clk 1:14:09]} Qxe7 {[%clk 0:53:25]} 17. Re1 {[%clk 1:14:29]} Bb5
{[%clk 0:47:44]} 18. e4 {[%clk 1:10:35]} dxe4 19. Bxe4 {[%clk 1:06:43]} Qd6
{[%clk 0:46:18]} 20. g3 {[%clk 1:06:39]} g6 {[%clk 0:41:42]} 21. Bd3
{[%clk 0:58:55]} Nb6 {[%clk 0:38:21]} 22. Rxa5 {[%clk 0:58:45]} Qc7
{[%clk 0:33:21]} 23. Qa1 {[%clk 0:52:39]} Rfc8 {[%clk 0:21:04]} 24. Rc1
{[%clk 0:51:55]} Bc4 {[%clk 0:21:09]} 25. h4 {[%clk 0:45:58]} Bxd3
{[%clk 0:19:09]} 26. Nxd3 {[%clk 0:46:26]} Nc4 {[%clk 0:19:19]} 27. Rc5
{[%clk 0:43:11]} Nd2 {[%clk 0:19:39]} 28. Qa2 {[%clk 0:43:13]} Ne4
{[%clk 0:20:02]} 29. Re5 {[%clk 0:43:33]} Re8 {[%clk 0:20:01]} 30. Re1
{[%clk 0:41:12]} Rxe5 {[%clk 0:16:36]} 31. Nxe5 {[%clk 0:40:40]} Nxc3
{[%clk 0:13:55]} 32. Qc4 {[%clk 0:40:43]} Nd5 {[%clk 0:13:45]} 33. Nxc6
{[%clk 0:40:15]} Rc8 {[%clk 0:12:59]} 34. Qxd5 {[%clk 0:33:50]} Qxc6 35. Qc4 Qc7
 1/2-1/2

[Event "Iranian Men Championship Final 1399"]
[Site "Tehran"]
[Date "2021.04.09"]
[Round "8"]
[Board "7"]
[White "Ghaem Maghami, Ehsan"]
[Black "Nikookar, Mahdi"]
[Result "1-0"]
[WhiteElo "2561"]
[BlackElo "2239"]
[PlyCount "0"]
[EventDate "2021.04.05"]
[EventRounds "15"]
[EventCountry "IRI"]

1. e4 {[%clk 1:26:09]} e6 {[%clk 1:28:50]} 2. d4 {[%clk 1:22:33]} d5
{[%clk 1:29:01]} 3. Nc3 {[%clk 1:19:38]} Bb4 {[%clk 1:28:50]} 4. exd5
{[%clk 1:13:22]} exd5 {[%clk 1:29:12]} 5. Bd3 {[%clk 1:13:50]} Nc6
{[%clk 1:29:23]} 6. Nge2 {[%clk 1:07:53]} Nge7 {[%clk 1:22:15]} 7. Bf4
{[%clk 1:00:01]} Bf5 {[%clk 1:21:31]} 8. O-O {[%clk 1:00:07]} Qd7
{[%clk 1:16:16]} 9. Nb5 {[%clk 0:58:57]} Ba5 {[%clk 1:16:17]} 10. c3
{[%clk 0:58:09]} a6 {[%clk 1:16:01]} 11. Na3 {[%clk 0:58:31]} O-O-O
{[%clk 1:16:15]} 12. b4 {[%clk 0:55:31]} Bb6 {[%clk 1:16:25]} 13. b5
{[%clk 0:52:32]} axb5 {[%clk 1:14:45]} 14. Bxb5 {[%clk 0:52:56]} Ng6
{[%clk 1:14:25]} 15. Qa4 {[%clk 0:52:23]} Qe6 {[%clk 1:10:17]} 16. c4
{[%clk 0:43:17]} Be4 {[%clk 0:47:53]} 17. Bg3 {[%clk 0:38:32]} h5
{[%clk 0:28:46]} 18. Qa8+ {[%clk 0:27:05]} Nb8 {[%clk 0:27:14]} 19. h3
{[%clk 0:22:01]} h4 {[%clk 0:27:11]} 20. Bh2 {[%clk 0:22:13]} Rh5
{[%clk 0:26:37]} 21. f3 {[%clk 0:20:15]} Rg5 {[%clk 0:14:03]} 22. fxe4
{[%clk 0:17:58]} Qxe4 {[%clk 0:13:39]} 23. Rf2 {[%clk 0:17:29]} Bxd4
{[%clk 0:13:32]} 24. Nxd4 {[%clk 0:17:10]} Rxg2+ {[%clk 0:13:55]} 25. Rxg2
{[%clk 0:16:58]} Qxd4+ {[%clk 0:14:21]} 26. Rf2 {[%clk 0:16:40]} Qxa1+
{[%clk 0:14:44]} 27. Kg2 {[%clk 0:16:26]} Qe1 {[%clk 0:13:24]} 28. c5
{[%clk 0:12:06]}  1-0

[Event "Iranian Men Championship Final 1399"]
[Site "Tehran"]
[Date "2021.04.09"]
[Round "8"]
[Board "8"]
[White "Veisi, Bardia"]
[Black "Maghsoodloo, Parham"]
[Result "0-1"]
[WhiteElo "2273"]
[BlackElo "2676"]
[PlyCount "0"]
[EventDate "2021.04.05"]
[EventRounds "15"]
[EventCountry "IRI"]

1. d4 {[%clk 1:30:09]} Nf6 {[%clk 1:30:41]} 2. c4 {[%clk 1:30:27]} e6
{[%clk 1:31:05]} 3. Nf3 {[%clk 1:30:13]} d5 {[%clk 1:31:28]} 4. g3
{[%clk 1:28:41]} Be7 {[%clk 1:31:51]} 5. Bg2 {[%clk 1:28:59]} O-O
{[%clk 1:32:14]} 6. O-O {[%clk 1:28:46]} dxc4 {[%clk 1:30:46]} 7. Ne5
{[%clk 1:28:39]} Qd6 {[%clk 1:29:45]} 8. Nxc4 {[%clk 1:21:48]} Qa6
{[%clk 1:27:33]} 9. Qc2 {[%clk 1:20:53]} Rd8 {[%clk 1:26:21]} 10. e3
{[%clk 1:20:51]} c5 {[%clk 1:17:11]} 11. dxc5 {[%clk 1:20:09]} Bxc5
{[%clk 1:17:38]} 12. b3 {[%clk 1:18:40]} Nc6 {[%clk 1:17:39]} 13. a3
{[%clk 1:18:28]} Bd7 {[%clk 1:16:36]} 14. Bb2 {[%clk 1:16:49]} Rac8
{[%clk 1:15:18]} 15. Rd1 {[%clk 1:16:24]} b5 {[%clk 1:06:30]} 16. Ncd2
{[%clk 1:13:43]} Qb6 {[%clk 1:01:13]} 17. Ne4 {[%clk 1:11:00]} Nxe4
{[%clk 1:01:31]} 18. Bxe4 {[%clk 1:08:19]} f5 {[%clk 1:01:49]} 19. Bg2
{[%clk 1:08:16]} b4 {[%clk 1:02:05]} 20. Nd2 {[%clk 0:52:14]} Na5
{[%clk 0:31:35]} 21. axb4 {[%clk 0:50:07]} Bxb4 {[%clk 0:32:04]} 22. Nc4
{[%clk 0:50:06]} Nxc4 {[%clk 0:32:30]} 23. bxc4 {[%clk 0:50:30]} a5
{[%clk 0:32:58]} 24. Bd4 {[%clk 0:46:49]} Qc7 {[%clk 0:32:40]} 25. Qb2
{[%clk 0:46:52]} Be8 {[%clk 0:32:52]} 26. Be5 {[%clk 0:39:56]} Qe7
{[%clk 0:33:13]} 27. Rd4 {[%clk 0:39:16]} Rxd4 {[%clk 0:28:55]} 28. Qxd4
{[%clk 0:39:17]} a4 {[%clk 0:28:19]} 29. e4 {[%clk 0:32:22]} Rd8 {[%clk 0:26:32]}
30. Qe3 {[%clk 0:30:48]} Bc5 {[%clk 0:26:25]} 31. Qe2 {[%clk 0:30:53]} Qg5
{[%clk 0:16:31]} 32. Bf4 {[%clk 0:30:52]} Qf6 {[%clk 0:17:00]} 33. e5
{[%clk 0:25:42]} Qe7 {[%clk 0:17:21]} 34. Be3 {[%clk 0:24:53]} Qa7
{[%clk 0:11:43]} 35. Bxc5 {[%clk 0:19:49]} Qxc5 {[%clk 0:12:11]} 36. Rb1
{[%clk 0:20:06]} a3 {[%clk 0:12:13]} 37. h4 {[%clk 0:18:51]} h6 {[%clk 0:11:08]}
38. Rb7 {[%clk 0:11:56]} Qa5 {[%clk 0:10:29]} 39. Qa2 {[%clk 0:11:37]} Qe1+
{[%clk 0:09:49]} 40. Kh2 {[%clk 0:11:27]} Rd2 {[%clk 0:10:13]} 41. Qxa3
{[%clk 0:09:55]} Qxf2 {[%clk 0:10:36]}  0-1

[Event "Iranian Men Championship Final 1399"]
[Site "Tehran"]
[Date "2021.04.09"]
[Round "9"]
[Board "1"]
[White "Maghsoodloo, Parham"]
[Black "Hakemi, Arman"]
[Result "1-0"]
[WhiteElo "2676"]
[BlackElo "2316"]
[PlyCount "0"]
[EventDate "2021.04.05"]
[EventRounds "15"]
[EventCountry "IRI"]

1. d4 {[%clk 1:28:51]} Nf6 {[%clk 1:30:51]} 2. c4 {[%clk 1:29:16]} e6
{[%clk 1:31:12]} 3. Nc3 {[%clk 1:29:41]} Bb4 {[%clk 1:31:36]} 4. e3
{[%clk 1:30:08]} b6 {[%clk 1:31:57]} 5. Bd2 {[%clk 1:29:42]} O-O {[%clk 1:30:37]}
6. Nf3 {[%clk 1:30:07]} Bb7 {[%clk 1:27:33]} 7. Bd3 {[%clk 1:30:31]} c5
{[%clk 1:26:31]} 8. a3 {[%clk 1:30:57]} Bxc3 {[%clk 1:24:18]} 9. Bxc3
{[%clk 1:31:21]} cxd4 {[%clk 1:02:52]} 10. exd4 {[%clk 1:31:31]} d5
{[%clk 0:57:17]} 11. b3 {[%clk 1:31:56]} dxc4 {[%clk 0:56:53]} 12. bxc4
{[%clk 1:32:24]} Qc7 {[%clk 0:56:37]} 13. O-O {[%clk 1:32:47]} Nbd7
{[%clk 0:55:48]} 14. Rc1 {[%clk 1:30:06]} Rfd8 {[%clk 0:50:59]} 15. Re1
{[%clk 1:25:43]} Rac8 {[%clk 0:46:00]} 16. Nd2 {[%clk 1:16:31]} Qf4
{[%clk 0:45:27]} 17. Qe2 {[%clk 1:16:09]} Qg5 {[%clk 0:40:24]} 18. g3 Qh6
{[%clk 0:27:24]} 19. h4 {[%clk 1:12:10]} Kh8 20. Nf1 {[%clk 1:09:21]} Qh5
{[%clk 0:27:08]} 21. Qxh5 {[%clk 1:08:48]} Nxh5 {[%clk 0:27:37]} 22. Be2
{[%clk 1:07:45]} Nhf6 {[%clk 0:27:51]} 23. f3 {[%clk 1:08:10]} Kg8
{[%clk 0:27:14]} 24. g4 {[%clk 1:07:06]} Nb8 {[%clk 0:26:10]} 25. Ne3
{[%clk 1:06:32]} Rc7 26. Kf2 {[%clk 1:04:27]} Rcd7 {[%clk 0:26:05]} 27. Red1
{[%clk 1:04:36]} Nc6 28. d5 {[%clk 1:03:33]} exd5 {[%clk 0:25:53]} 29. Bxf6
{[%clk 1:03:52]} gxf6 {[%clk 0:26:15]} 30. cxd5 {[%clk 1:04:17]} Ne7
{[%clk 0:26:27]} 31. Bb5 Rxd5 {[%clk 0:20:01]} 32. Nxd5 {[%clk 1:04:53]} Rxd5 33.
Rxd5 {[%clk 1:04:32]} Nxd5 {[%clk 0:20:54]} 34. Re1 {[%clk 1:04:55]} Nc7
{[%clk 0:20:43]} 35. Bc4 {[%clk 1:04:25]} Kf8 {[%clk 0:21:12]} 36. Rd1
{[%clk 1:04:40]} Ke7 {[%clk 0:21:25]} 37. Bxf7 {[%clk 1:04:57]} Nb5
{[%clk 0:21:50]} 38. Bg8 {[%clk 1:04:39]} Nxa3 {[%clk 0:21:54]} 39. Bxh7
{[%clk 1:05:03]} Nc4 {[%clk 0:22:21]} 40. f4 {[%clk 1:04:20]} Nd6
{[%clk 0:22:01]} 41. h5 {[%clk 1:04:29]} a5 {[%clk 0:22:20]}  1-0

[Event "Iranian Men Championship Final 1399"]
[Site "Tehran"]
[Date "2021.04.09"]
[Round "9"]
[Board "2"]
[White "Nikookar, Mahdi"]
[Black "Veisi, Bardia"]
[Result "1-0"]
[WhiteElo "2239"]
[BlackElo "2273"]
[PlyCount "0"]
[EventDate "2021.04.05"]
[EventRounds "15"]
[EventCountry "IRI"]

1. d4 {[%clk 1:27:25]} Nf6 {[%clk 1:28:15]} 2. c4 {[%clk 1:25:53]} e6
{[%clk 1:28:34]} 3. Nf3 {[%clk 1:26:09]} d5 {[%clk 1:28:44]} 4. Nc3
{[%clk 1:26:25]} Bb4 {[%clk 1:26:43]} 5. Qa4+ {[%clk 1:26:16]} Nc6
{[%clk 1:27:04]} 6. e3 {[%clk 1:25:54]} dxc4 {[%clk 1:25:19]} 7. Bxc4
{[%clk 1:19:34]} Bd7 {[%clk 1:23:46]} 8. Qc2 {[%clk 1:18:35]} Bd6
{[%clk 1:21:20]} 9. O-O {[%clk 1:10:13]} O-O {[%clk 1:20:30]} 10. a3
{[%clk 0:56:16]} e5 {[%clk 1:12:07]} 11. h3 {[%clk 0:56:29]} a6 {[%clk 1:09:02]}
12. Ba2 {[%clk 0:56:37]} h6 {[%clk 1:00:38]} 13. b4 {[%clk 0:43:12]} exd4
{[%clk 0:54:33]} 14. exd4 {[%clk 0:43:29]} Qc8 {[%clk 0:45:34]} 15. Bxh6
{[%clk 0:24:38]} Bf5 {[%clk 0:43:48]} 16. Qd2 {[%clk 0:24:55]} gxh6
{[%clk 0:23:42]} 17. Qxh6 {[%clk 0:25:18]} Nh7 {[%clk 0:24:04]} 18. Nh4
{[%clk 0:25:41]} Be7 {[%clk 0:17:06]} 19. g4 {[%clk 0:09:51]} Bxh4
{[%clk 0:14:44]} 20. Qxh4 Nxd4 {[%clk 0:11:32]} 21. f4 {[%clk 0:08:44]} Be6
{[%clk 0:09:24]} 22. f5 {[%clk 0:06:26]} Bxa2 {[%clk 0:09:33]} 23. Rxa2
{[%clk 0:06:50]} f6 {[%clk 0:09:05]} 24. Rd2 {[%clk 0:06:18]} Nc6
{[%clk 0:09:14]} 25. Ne4 {[%clk 0:06:20]} Rf7 {[%clk 0:06:52]} 26. g5
{[%clk 0:06:02]} fxg5 {[%clk 0:07:00]} 27. Nxg5 {[%clk 0:06:16]} Rg7
{[%clk 0:06:27]} 28. Rg2 {[%clk 0:06:39]} Qd8 {[%clk 0:04:18]} 29. Qc4+
{[%clk 0:05:24]} Kh8 {[%clk 0:04:33]} 30. Nf7+ {[%clk 0:05:34]} Rxf7
{[%clk 0:04:45]} 31. Qxf7 {[%clk 0:06:02]} Qd4+ {[%clk 0:04:57]} 32. Kh1
{[%clk 0:05:36]} Qf6 {[%clk 0:03:31]} 33. Qxc7 {[%clk 0:05:02]} Ne7
{[%clk 0:03:42]} 34. Qxb7 {[%clk 0:04:47]} Rf8 {[%clk 0:04:02]} 35. a4
{[%clk 0:04:50]} Qh4 {[%clk 0:04:05]} 36. Qxa6 {[%clk 0:03:28]} Nxf5
{[%clk 0:02:53]} 37. Qd3 {[%clk 0:01:41]} Qh5 {[%clk 0:01:05]} 38. a5
{[%clk 0:01:12]} Rf6 {[%clk 0:00:55]} 39. Qc3 {[%clk 0:00:46]} Nd4
{[%clk 0:00:39]} 40. Qc8+ {[%clk 0:00:45]} Nf8 {[%clk 0:00:55]} 41. Rxf6
{[%clk 0:01:00]} Qd1+ {[%clk 0:01:20]} 42. Rg1 {[%clk 0:01:21]}  1-0

[Event "Iranian Men Championship Final 1399"]
[Site "Tehran"]
[Date "2021.04.09"]
[Round "9"]
[Board "3"]
[White "Mousavi, Seyed Khalil"]
[Black "Ghaem Maghami, Ehsan"]
[Result "1-0"]
[WhiteElo "2522"]
[BlackElo "2561"]
[PlyCount "0"]
[EventDate "2021.04.05"]
[EventRounds "15"]
[EventCountry "IRI"]

1. d4 Nf6 2. Nf3 d5 3. Bf4 g6 4. e3 Bg7 5. Nbd2 O-O 6. c3 c6 7. h4 Qb6 8. b3 c5
9. Be2 Nc6 10. Ne5 Nd7 11. Nxc6 bxc6 12. Nf3 Re8 13. O-O a5 14. Rc1 a4 15. b4
cxb4 16. cxb4 {[%clk 0:46:07]} e5 {[%clk 0:20:27]} 17. dxe5 {[%clk 0:44:31]} Nxe5
{[%clk 0:20:46]} 18. Nxe5 {[%clk 0:42:37]} Bxe5 {[%clk 0:21:10]} 19. Bxe5
{[%clk 0:42:48]} Rxe5 {[%clk 0:21:37]} 20. a3 {[%clk 0:41:54]} Bf5
{[%clk 0:17:26]} 21. Rc5 {[%clk 0:41:11]} h5 {[%clk 0:16:51]} 22. Qd4
{[%clk 0:40:14]} Re4 {[%clk 0:16:17]} 23. Qf6 {[%clk 0:40:01]} Re6
{[%clk 0:16:14]} 24. Qg5 {[%clk 0:37:42]} Qd8 {[%clk 0:15:41]} 25. Rd1
{[%clk 0:34:56]} Qxg5 {[%clk 0:14:19]} 26. hxg5 {[%clk 0:35:21]} Rd6
{[%clk 0:13:53]} 27. Rd4 {[%clk 0:33:28]} Kf8 {[%clk 0:13:50]} 28. b5
{[%clk 0:29:21]} cxb5 {[%clk 0:14:07]} 29. Bxb5 {[%clk 0:25:42]} Rb6
{[%clk 0:13:07]} 30. Rxa4 {[%clk 0:15:17]} Rxa4 {[%clk 0:12:43]} 31. Bxa4
{[%clk 0:15:43]} Ra6 {[%clk 0:11:01]} 32. Bb3 {[%clk 0:15:30]} Rxa3
{[%clk 0:10:59]} 33. Bxd5 {[%clk 0:15:53]} Ra6 {[%clk 0:10:20]} 34. Rc6
{[%clk 0:13:43]} Ra7 {[%clk 0:04:57]} 35. e4 {[%clk 0:10:02]} Bd7
{[%clk 0:05:10]} 36. Rf6 {[%clk 0:10:28]} Be8 {[%clk 0:05:10]} 37. Kh2
{[%clk 0:10:45]} Ra3 {[%clk 0:05:07]} 38. f3 {[%clk 0:07:21]} Rc3
{[%clk 0:04:07]} 39. Kg3 {[%clk 0:06:33]} Rc2 {[%clk 0:02:21]} 40. e5
{[%clk 0:05:48]} Rc5 {[%clk 0:01:11]} 41. Bxf7 {[%clk 0:04:55]} Bxf7
{[%clk 0:01:32]} 42. e6 {[%clk 0:05:21]} Rxg5+ {[%clk 0:00:56]} 43. Kf4
{[%clk 0:05:46]} Rxg2 {[%clk 0:01:09]} 44. Rxf7+ {[%clk 0:06:10]} Ke8
{[%clk 0:00:58]} 45. Ke5 {[%clk 0:06:34]} g5 {[%clk 0:00:46]} 46. Kf6
{[%clk 0:05:31]}  1-0

[Event "Iranian Men Championship Final 1399"]
[Site "Tehran"]
[Date "2021.04.09"]
[Round "9"]
[Board "4"]
[White "Gholami Orimi, Mahdi"]
[Black "Daghli, Arash"]
[Result "1/2-1/2"]
[WhiteElo "2428"]
[BlackElo "2431"]
[PlyCount "0"]
[EventDate "2021.04.05"]
[EventRounds "15"]
[EventCountry "IRI"]

1. d4 {[%clk 1:29:13]} Nf6 {[%clk 1:30:51]} 2. c4 {[%clk 1:29:38]} c5
{[%clk 1:31:12]} 3. d5 {[%clk 1:29:17]} g6 {[%clk 1:31:25]} 4. Nc3
{[%clk 1:29:38]} Bg7 {[%clk 1:31:48]} 5. e4 {[%clk 1:29:56]} d6 {[%clk 1:32:17]}
6. Nge2 {[%clk 1:30:01]} O-O {[%clk 1:31:56]} 7. Ng3 {[%clk 1:30:29]} e6
{[%clk 1:30:33]} 8. Be2 {[%clk 1:30:39]} exd5 {[%clk 1:30:42]} 9. cxd5
{[%clk 1:31:07]} a6 {[%clk 1:30:21]} 10. a4 {[%clk 1:31:27]} Nbd7
{[%clk 1:30:32]} 11. O-O {[%clk 1:31:54]} Rb8 {[%clk 1:30:12]} 12. h3
{[%clk 1:31:34]} Ne8 {[%clk 1:29:53]} 13. Bf4 {[%clk 1:28:04]} Qe7
{[%clk 1:19:18]} 14. Qd2 {[%clk 1:24:41]} Nc7 {[%clk 1:19:11]} 15. Bg5
{[%clk 1:22:26]} Qe5 {[%clk 1:13:17]} 16. Bf4 {[%clk 1:19:41]} Qe7
{[%clk 1:12:23]} 17. Bg5 {[%clk 1:13:27]} Qe5 {[%clk 1:11:30]} 18. Bf4
{[%clk 1:12:24]}  1/2-1/2

[Event "Iranian Men Championship Final 1399"]
[Site "Tehran"]
[Date "2021.04.09"]
[Round "9"]
[Board "5"]
[White "Jahedi, Mani"]
[Black "Tabatabaei, M.Amin"]
[Result "0-1"]
[WhiteElo "2201"]
[BlackElo "2629"]
[PlyCount "0"]
[EventDate "2021.04.05"]
[EventRounds "15"]
[EventCountry "IRI"]

1. e4 {[%clk 1:28:04]} c5 {[%clk 1:29:53]} 2. Nf3 {[%clk 1:28:27]} d6
{[%clk 1:30:02]} 3. Bb5+ Nd7 4. d4 {[%clk 1:28:50]} cxd4 {[%clk 1:30:32]} 5. Qxd4
{[%clk 1:29:15]} a6 {[%clk 1:30:49]} 6. Be2 {[%clk 1:29:40]} Ngf6
{[%clk 1:30:39]} 7. O-O {[%clk 1:29:53]} g6 {[%clk 1:29:24]} 8. e5
{[%clk 1:29:53]} dxe5 {[%clk 1:29:24]} 9. Nxe5 {[%clk 1:29:53]} Bg7
{[%clk 1:29:24]} 10. Rd1 {[%clk 1:29:53]} Nh5 {[%clk 1:29:24]} 11. f4
{[%clk 1:29:53]} Qc7 {[%clk 1:29:24]} 12. Bxh5 {[%clk 1:29:53]} Nxe5
{[%clk 1:29:24]} 13. Kh1 {[%clk 1:29:53]} gxh5 {[%clk 1:29:24]} 14. fxe5
{[%clk 1:29:53]} Bg4 {[%clk 1:29:24]} 15. Re1 {[%clk 1:29:53]} Rd8
{[%clk 1:29:24]} 16. Qc3 {[%clk 1:29:53]} Bxe5 {[%clk 1:29:24]} 17. Qxc7
{[%clk 1:29:53]} Bxc7 {[%clk 1:29:24]} 18. Bg5 {[%clk 1:29:53]} Be6
{[%clk 1:29:24]} 19. Nc3 {[%clk 1:29:53]} Rg8 {[%clk 1:29:24]} 20. Be3
{[%clk 1:29:53]} Rg4 {[%clk 1:29:24]} 21. Rad1 {[%clk 1:29:53]} Rxd1
{[%clk 1:29:24]} 22. Rxd1 {[%clk 1:29:53]} f6 {[%clk 1:29:24]} 23. h3
{[%clk 1:29:53]} Rc4 {[%clk 1:29:24]} 24. Rd2 {[%clk 0:24:08]} Be5
{[%clk 0:27:03]} 25. Re2 {[%clk 0:23:00]} Bf5 {[%clk 0:25:54]} 26. Kg1
{[%clk 0:19:52]} b5 {[%clk 0:26:16]} 27. a3 {[%clk 0:19:17]} Kf7 {[%clk 0:23:29]}
28. Kf2 {[%clk 0:18:18]} h4 {[%clk 0:19:39]} 29. Ke1 {[%clk 0:18:06]} Bd7
{[%clk 0:17:53]} 30. Kd2 {[%clk 0:17:56]} a5 {[%clk 0:17:09]} 31. Nd1
{[%clk 0:18:22]} Bf5 {[%clk 0:16:23]} 32. c3 {[%clk 0:18:09]} Rc8
{[%clk 0:16:09]} 33. Bf2 {[%clk 0:18:23]} Bf4+ {[%clk 0:15:34]} 34. Ne3
{[%clk 0:18:17]} Be4 {[%clk 0:15:06]} 35. Ke1 {[%clk 0:18:19]} Rd8
{[%clk 0:14:20]}  0-1